000
00322 a2200157 4500
001
179813
020
_a
040
_c
Magnum
100
_a
Bordini, Maria da Gloria
240
1
0
_a
Poesia infantil
_l
por
245
1
0
_a
Poesia infantil
362
0
_a
1899
440
1
_a
Ática
697
_a
MAGNITO: ENSINO
942
_c
BK
999
_c
179813
_d
179813